Colombia: la lucha contra el narcotráfico
Enregistré dans:
| Format: | Livre |
|---|---|
| Langue: | Spanish |
| Tags: |
Ajouter un tag
Pas de tags, Soyez le premier à ajouter un tag!
|
MARC
| LEADER | 00000nam a22000007a 4500 | ||
|---|---|---|---|
| 003 | cru CIDCACS/IIS | ||
| 005 | 20170525094921.0 | ||
| 007 | ta | ||
| 008 | 170525s1985 pe ||||| |||| 00| 0 spa d | ||
| 040 | |c cru CIDCACS/IIS | ||
| 245 | 1 | |a Colombia: |b la lucha contra el narcotráfico | |
| 300 | |a páginas 12-13 | ||
| 773 | 0 | |0 19374 |9 916 |a Comisión Andina de Juristas |d Lima, Perú Comisión Andina de Juristas |o 17649 |t Boletín / | |
| 942 | |2 ddc |c PP | ||
| 999 | |c 19384 |d 19384 | ||
